000 00664nam a22001937a 4500
005 20180510141910.0
010 _aENG-122970
020 _a9789386262417
_c1250.00
035 _aEN-106502
037 _bDBAD/PUB
082 _a954.04
100 _aBhambhri, C.P.
245 _aThe Indian state since independence 70 years /
_cby C.P. Bhambhri
260 _aNew Delhi
_bShipra Publications
_c2017
270 _aH.O. LG 18-19, Pankaj Central Market, Patparganj, I.P. Extn.
_bDelhi
_e110092
_k011-22235152/6152
_minfo@shiprapublication.com
300 _ax, 225p.
_c22cm(Hb)
_bill.
500 _aIt include index
942 _2ddc
_cEN
_h954.04
_mBHA
999 _c151985
_d151985